Celeste's Hardest Maps Clear List - Statistics

General Stats
  • This quiz has been taken 495 times
    181 since last reset
  • The average score is 21 of 102
Answer Stats
Star count Subdifficulty Answer % Correct
Low The Solar Express [FC]
86%
Low Pinball Purgatory [FC]
83%
⭐⭐⭐ Low Dashless+
79%
⭐⭐⭐ High The Solar Purgatory
79%
⭐⭐⭐ Low D1D7
72%
High Passionfruit Pantheon
69%
⭐⭐⭐ Low MOCE // LXVI
67%
Low 7D With Single Dash... (Old)
61%
High MOCE // CPVL
56%
⭐⭐ High Crystal Garden
54%
Legacy ⭐ Base Darkmoon Ruins
49%
⭐⭐⭐ Low Madeline Votes in the US Presidential Election D-Side
49%
⭐⭐⭐ High Forsaken City TASide
49%
Rejected Final Goodbye
47%
⭐⭐⭐ High Penumbra
47%
Low Mauve
44%
⭐⭐⭐ Low 5B Funnier Version
42%
⭐⭐ Low Avian Ascension
38%
⭐⭐ High Dragonfruit Demise
38%
⭐⭐⭐ Low Old Site TASide
38%
⭐⭐* I Wanna Atone the Flower: Celeste Remake
36%
⭐⭐ Low GDDH
35%
Low The White Hole
35%
Rejected The New Grandmaster Heartside
33%
⭐⭐⭐ Low Krypton
31%
⭐⭐ High seven (+ten)
31%
Below Old Baseline Chapter 3 L-Side (Celestial Resort)
29%
High CMgv
27%
Below Baseline Moon of the Ultras (New)
27%
Legacy ⭐ High Moon of the Ultras (Old)
27%
Low 118.71% FulFilled Emptiness
26%
High Shatter Site
26%
Low SWAPSLUT
24%
Legacy ⭐ High Forsaken Undercity
23%
⭐⭐⭐ Low Magma Maelstrom
23%
⭐⭐ Low Mature Grape+
23%
Low Sapphire Dash
23%
Legacy ⭐ High 5b_Garbage_Version
22%
Legacy ⭐ Low Vivid Abyss [FC]
22%
Low ATTACK OF THE GEOPLE FROM PLANET 64Y
20%
Rejected I Wanna Atone the Cake
19%
Rejected Farewell E-Side
18%
Below Old Baseline Magnetic Dawn (A-Side)
17%
High 8-φ
15%
⭐⭐ High Altitude
15%
Low S.B.W.W.
15%
Low The Big Reveal
15%
⭐⭐ Low The Source
15%
Low Magnetic Dawn (B-Side)
13%
⭐⭐ High The Road to Purgation
13%
Below Old Baseline Lunar Ruins
13%
High Horror Vacui
12%
⭐⭐ High Satellite Center
12%
⭐⭐ Low Ultra Skrimbles
12%
Legacy ⭐ Low Ultra Summit (v1.8.3)
12%
Legacy ⭐ High Ultra Summit (v2.0)
12%
Legacy ⭐ Low Amoeba (New)
10%
Low Amoeba (Old)
10%
Low TXCHLXSS
10%
Rejected D1D7a
9%
Below Old Baseline Chapter 6 Death Label
9%
Low The 2000's American Housing Crisis
9%
High Waterbear Mountain Garbage Version
8%
⭐⭐ Low niatnuoM raebretaW
8%
Rejected One in a Million
8%
Legacy ⭐ Low Scarlett Sundown
8%
⭐⭐ Low sniuR noomkraD
8%
Rejected DEVILSIDE
7%
Legacy ⭐ High Serotonin
7%
Legacy ⭐ Low Splash
7%
High Stormbound Outpost
7%
Rejected 7bell (7b Hell Side)
6%
Rejected Old Site F-Side
6%
Low Dashless Climb
5%
Rejected Dawn
5%
High Distant Wasteland
5%
⭐⭐ Low Collab General: The Lost Levels
5%
Legacy ⭐ Low Temple of Bounceleste
5%
Legacy ⭐ High hAAAi [FC]
5%
Low Shockbounce
5%
Rejected Sick Tricks
5%
High Lost in Cave
4%
Legacy ⭐ High Pale Violet [FC]
4%
Legacy ⭐ High Ridge
4%
Low Shrimptember 2nd
4%
⭐⭐ Low Spectral Cave
4%
Rejected Nightmare Heartside
3%
Legacy ⭐ Low 第三空中実験 (Third Aerial Experiment)
2%
High Crumbled Ruins
2%
Rejected World's Hardest Game - Celeste Remake
2%
Low Fortress Mountain
2%
Legacy ⭐ High Kilauea
2%
Rejected Midnight Aquarium
2%
High silly map 1
2%
Rejected Chamber of Despair
1%
Legacy ⭐ Low Eclair
1%
Legacy ⭐ High Epimorphism
1%
Rejected Half Stamina City
1%
Legacy ⭐ Low Nibbl'z Insanity
1%
Rejected Ru Never Garden
0%
Legacy ⭐ Low Silly Goober Map
0%
Low Sumparb (B-Side)
0%
No matching quizzes found
Score Distribution
Percent of People with Each Score
Percentile by Number Answered
Your Score History
You have not taken this quiz since the last reset